[Event "KAERNTNER SCHACHSOMMER 2013 22. int. Op"]
[Site "Feffernitz"]
[Date "2013.08.18"]
[Round "1"]
[White "Strobel, Matthias"]
[Black "Kejzar, Petra"]
[Result "1-0"]
[WhiteElo "2096"]
[BlackElo "1774"]
[PlyCount "73"]
[EventDate "2013.08.18"]
[EventRounds "9"]
[EventCountry "AUT"]
[SourceDate "2005.09.12"]

1. d4 f5 2. Nf3 g6 3. g3 Bg7 4. Bg2 Nf6 5. O-O O-O 6. b4 a5 7. b5 c5 8. c3 Ne4
9. Nbd2 d5 10. Qc2 Qc7 11. Nxe4 fxe4 12. Ne1 cxd4 13. cxd4 Qb6 14. Be3 Qxb5 15.
Rb1 Qc6 16. Qb3 e6 17. Nc2 Na6 18. Rfc1 Bd7 19. Na3 Qd6 20. Nb5 Qb8 21. Bh3 Qe8
22. Nd6 Qe7 23. Nxb7 Rfb8 24. Bf4 a4 25. Qb6 e5 26. Bxd7 exf4 27. Qe6+ Qf7 28.
Nd6 Qxe6 29. Bxe6+ Kf8 30. Nb7 fxg3 31. hxg3 Bxd4 32. e3 Bf6 33. Bxd5 Rc8 34.
Rxc8+ Rxc8 35. Rb6 Nc7 36. Rxf6+ Ke7 37. Rf7+ 1-0

[Event "KAERNTNER SCHACHSOMMER 2013 22. int. Op"]
[Site "Feffernitz"]
[Date "2013.08.18"]
[Round "1"]
[White "Saringer, Hubert"]
[Black "Jandke, Manfred"]
[Result "0-1"]
[WhiteElo "1766"]
[BlackElo "2095"]
[PlyCount "66"]
[EventDate "2013.08.18"]
[EventRounds "9"]
[EventCountry "AUT"]
[SourceDate "2005.09.12"]

1. Nf3 d5 2. d4 Nf6 3. c4 e6 4. Bg5 c6 5. Nc3 Qa5 6. Bxf6 gxf6 7. e3 Rg8 8. g3
dxc4 9. a4 Bb4 10. Qc1 Nd7 11. Bxc4 Nb6 12. Nd2 Nxc4 13. Nxc4 Qd5 14. O-O Qxc4
15. Ne4 Qxc1 16. Nxf6+ Kf8 17. Raxc1 Rg6 18. Nh5 Bd6 19. f4 Rh6 20. g4 f5 21.
h3 Bd7 22. Kg2 Kf7 23. Ng3 fxg4 24. hxg4 Rg6 25. g5 h6 26. Ne4 Be7 27. Rh1 Rag8
28. Kf3 hxg5 29. Rh7+ R8g7 30. Rch1 gxf4 31. exf4 c5 32. Ng5+ Bxg5 33. fxg5
Bc6+ 0-1

[Event "KAERNTNER SCHACHSOMMER 2013 22. int. Op"]
[Site "Feffernitz"]
[Date "2013.08.18"]
[Round "1"]
[White "Pacher, Simon"]
[Black "Martin, Rudolf"]
[Result "0-1"]
[WhiteElo "2056"]
[BlackElo "1754"]
[PlyCount "65"]
[EventDate "2013.08.18"]
[EventRounds "9"]
[EventCountry "AUT"]
[SourceDate "2005.09.12"]

1. e4 c5 2. c3 d5 3. exd5 Qxd5 4. Na3 Bd7 5. Nc2 Nc6 6. Ne3 Qd6 7. Nf3 Nf6 8.
a4 e6 9. a5 Be7 10. Be2 O-O 11. O-O Nd5 12. Nxd5 Qxd5 13. d3 Bd6 14. Re1 Bc7
15. a6 b6 16. Qc2 Rac8 17. g3 Ne5 18. Ng5 Bc6 19. f3 h6 20. d4 Ng6 21. Ne4 cxd4
22. c4 Qh5 23. f4 Qf5 24. Bd3 Qh5 25. Be2 Qf5 26. Bd3 Qh5 27. Rf1 f5 28. Nd2
Nxf4 29. Rxf4 Bxf4 30. gxf4 Rf6 31. Nf1 Rg6+ 32. Ng3 Qf3 33. Qe2 0-1

[Event "KAERNTNER SCHACHSOMMER 2013 22. int. Op"]
[Site "Feffernitz"]
[Date "2013.08.18"]
[Round "1"]
[White "Schaefers, Serge Dr"]
[Black "Pregl, Walter"]
[Result "0-1"]
[WhiteElo "1754"]
[BlackElo "2042"]
[PlyCount "30"]
[EventDate "2013.08.18"]
[EventRounds "9"]
[EventCountry "AUT"]
[SourceDate "2005.09.12"]

1. e4 e5 2. f4 d5 3. exd5 e4 4. d3 Nf6 5. dxe4 Nxe4 6. Qd3 Bf5 7. Qb5+ Nd7 8.
Nf3 Bc5 9. Bd3 O-O 10. Bxe4 Bxe4 11. Nbd2 Bxd5 12. Qd3 Nf6 13. h3 Re8+ 14. Kf1
Nh5 15. Ng5 Bxg2+ 0-1

[Event "KAERNTNER SCHACHSOMMER 2013 22. int. Op"]
[Site "Feffernitz"]
[Date "2013.08.18"]
[Round "1"]
[White "Trampitsch, Hannes"]
[Black "Kahl, Christoph"]
[Result "1-0"]
[WhiteElo "2037"]
[BlackElo "1741"]
[PlyCount "37"]
[EventDate "2013.08.18"]
[EventRounds "9"]
[EventCountry "AUT"]
[SourceDate "2005.09.12"]

1. e4 c5 2. d4 cxd4 3. c3 dxc3 4. Nxc3 Nc6 5. Nf3 g6 6. Bc4 Bg7 7. O-O d6 8.
Qe2 Qc7 9. Bf4 Bg4 10. Bxf7+ Kd7 11. Nd5 Qa5 12. b4 Qa4 13. Rac1 Nf6 14. b5
Bxf3 15. bxc6+ bxc6 16. Nxf6+ Bxf6 17. Qxf3 Rhf8 18. Qg4+ Kc7 19. Bd5 1-0

[Event "KAERNTNER SCHACHSOMMER 2013 22. int. Op"]
[Site "Feffernitz"]
[Date "2013.08.18"]
[Round "1"]
[White "Maderner, Arnulf"]
[Black "Baierlein, Martin"]
[Result "0-1"]
[WhiteElo "1707"]
[BlackElo "2032"]
[PlyCount "62"]
[EventDate "2013.08.18"]
[EventRounds "9"]
[EventCountry "AUT"]
[SourceDate "2005.09.12"]

1. e4 d5 2. exd5 Nf6 3. Bb5+ Nbd7 4. Nc3 g6 5. a3 Bg7 6. d3 O-O 7. Bc4 a6 8.
Nf3 b5 9. Bb3 Bb7 10. d6 cxd6 11. O-O Nc5 12. Ba2 Rc8 13. Rb1 Qc7 14. Bd2 Rfd8
15. Qe2 d5 16. d4 Nce4 17. h3 Nxc3 18. bxc3 Ne4 19. Rb3 e6 20. Rfb1 Bc6 21. Ne1
e5 22. f3 Nxd2 23. Qxd2 Qa7 24. f4 exd4 25. Qf2 Rd7 26. Nf3 dxc3 27. Ne5 Qxf2+
28. Kxf2 Bxe5 29. fxe5 d4 30. Rd1 Bd5 31. Rxc3 Rxc3 0-1

[Event "KAERNTNER SCHACHSOMMER 2013 22. int. Op"]
[Site "Feffernitz"]
[Date "2013.08.18"]
[Round "2"]
[White "Eisenbeiser, Karlheinz"]
[Black "Malakhatko, Vadim"]
[Result "0-1"]
[WhiteElo "2000"]
[BlackElo "2525"]
[PlyCount "72"]
[EventDate "2013.08.18"]
[EventRounds "9"]
[EventCountry "AUT"]
[SourceDate "2005.09.12"]

1. e4 c5 2. Nf3 Nc6 3. c3 Nf6 4. e5 Nd5 5. Bc4 Nb6 6. Be2 d6 7. exd6 Qxd6 8. d4
cxd4 9. Nxd4 Nxd4 10. Qxd4 Qxd4 11. cxd4 Bd7 12. Bf3 Bc6 13. Bxc6+ bxc6 14. Nc3
e6 15. O-O Be7 16. b3 Kd7 17. Bb2 a5 18. Ne4 Nd5 19. Nc3 Nb6 20. Ne4 f6 21. f4
a4 22. g3 Rhb8 23. Nc3 f5 24. Kg2 Nc4 25. bxc4 Rxb2+ 26. Rf2 Rb4 27. d5 Rxc4
28. dxe6+ Kxe6 29. Nd1 Rb8 30. Re2+ Kf7 31. Nf2 Rd4 32. Nh3 a3 33. Rc1 Rb2 34.
Rcc2 Rdb4 35. Ng1 Rxc2 36. Rxc2 Rb2 0-1

[Event "KAERNTNER SCHACHSOMMER 2013 22. int. Op"]
[Site "Feffernitz"]
[Date "2013.08.18"]
[Round "2"]
[White "Mazi, Leon"]
[Black "Knaller, Christoph"]
[Result "1/2-1/2"]
[WhiteElo "2368"]
[BlackElo "2005"]
[PlyCount "97"]
[EventDate "2013.08.18"]
[EventRounds "9"]
[EventCountry "AUT"]
[SourceDate "2005.09.12"]

1. e4 Nf6 2. e5 Nd5 3. d4 d6 4. c4 Nb6 5. exd6 cxd6 6. Nc3 g6 7. Be3 Bg7 8. Rc1
O-O 9. b3 e5 10. dxe5 dxe5 11. Qxd8 Rxd8 12. Nb5 Nc6 13. Nc7 Rb8 14. c5 Nd5 15.
Nxd5 Rxd5 16. Bc4 Rd8 17. Nf3 Bf5 18. O-O Bd3 19. Bxd3 Rxd3 20. Rfd1 Rbd8 21.
Rxd3 Rxd3 22. Kf1 a5 23. Ke2 Rd7 24. Nd2 f5 25. f3 Kf7 26. Nc4 Bf8 27. Bd2 Rd5
28. Bxa5 Bxc5 29. Bd2 Ke6 30. Ne3 Bxe3 31. Bxe3 Ra5 32. a4 f4 33. Bf2 Nd4+ 34.
Bxd4 exd4 35. Kd3 Rg5 36. Rc2 Kd5 37. Rc4 Rxg2 38. Rxd4+ Ke5 39. Rb4 Rxh2 40.
Rxb7 h5 41. Rb5+ Kf6 42. Ke4 h4 43. Kxf4 Rg2 44. Rb6+ Kg7 45. Rc6 h3 46. Rc1 h2
47. Rh1 Kf6 48. a5 Rb2 49. Kg3 1/2-1/2

[Event "KAERNTNER SCHACHSOMMER 2013 22. int. Op"]
[Site "Feffernitz"]
[Date "2013.08.18"]
[Round "2"]
[White "Raschun, Gerhard"]
[Black "Praznik, Niko"]
[Result "1/2-1/2"]
[WhiteElo "1983"]
[BlackElo "2347"]
[PlyCount "183"]
[EventDate "2013.08.18"]
[EventRounds "9"]
[EventCountry "AUT"]
[SourceDate "2005.09.12"]

1. e4 e6 2. d4 d5 3. Nd2 Nc6 4. Ngf3 Nf6 5. e5 Nd7 6. Nb3 a5 7. Be3 a4 8. Nbd2
b6 9. a3 Ba6 10. Bxa6 Rxa6 11. O-O Ncb8 12. c4 dxc4 13. Nxc4 b5 14. Ncd2 Nb6
15. Rc1 Nd5 16. Ne4 Nd7 17. Qd3 c6 18. Bg5 Qa8 19. Bd2 h6 20. h3 Be7 21. Nh2
N7b6 22. Qg3 g5 23. Ng4 Nc4 24. Bc3 Qd8 25. Ne3 Ncb6 26. Ng4 Nf4 27. Qf3 Nbd5
28. Rfd1 Kd7 29. Bb4 Nxb4 30. axb4 Bxb4 31. Nc5+ Bxc5 32. Nf6+ Kc8 33. Rxc5 Qb6
34. Rdc1 Kb7 35. Ne4 f5 36. Nd6+ Kc7 37. Rxb5 Qa7 38. Rb7+ Qxb7 39. Nxb7 Kxb7
40. Rd1 Rd8 41. Kh2 Rd7 42. g3 Nxh3 43. Qe2 g4 44. Rd2 Ng5 45. Kg2 Nf3 46. Rd1
Rb6 47. Qc4 Rd8 48. Qxa4 Rxb2 49. Ra1 Kc7 50. Qa3 Rb7 51. Qe7+ Rd7 52. Qxe6
Nxd4 53. Qf6 Nc2 54. Rc1 Rd2 55. Qxh6 Re2 56. Qd6+ Kb6 57. Rb1+ Ka7 58. Qc5+
Kb8 59. Rc1 Rb2 60. Kg1 Kb7 61. e6 Rxe6 62. Qc3 Rb5 63. Qxc2 Kb6 64. Qd2 Kc7
65. Qd4 Rd5 66. Qa7+ Kd6 67. Qb8+ Ke7 68. Kg2 Rdd6 69. Rc5 Rd5 70. Rc1 Rdd6 71.
Rh1 Rf6 72. Qc8 Rd5 73. Rh7+ Kd6 74. Qd8+ Ke5 75. Re7+ Re6 76. Qc7+ Rdd6 77.
Qa5+ Kf6 78. Rh7 Rd5 79. Qc3+ Rde5 80. Rh6+ Kf7 81. Rh7+ Kf6 82. f4 gxf3+ 83.
Kxf3 Kg6 84. Rc7 c5 85. Rxc5 Rxc5 86. Qxc5 Re4 87. Qf8 Rg4 88. Qg8+ Kf6 89. Qh7
Re4 90. Qh6+ Ke5 91. Qg7+ Ke6 92. Qg6+ 1/2-1/2

[Event "KAERNTNER SCHACHSOMMER 2013 22. int. Op"]
[Site "Feffernitz"]
[Date "2013.08.18"]
[Round "2"]
[White "Eisenbeiser, Amadeus"]
[Black "Mostoegl, Konrad"]
[Result "1-0"]
[WhiteElo "2336"]
[BlackElo "1997"]
[PlyCount "83"]
[EventDate "2013.08.18"]
[EventRounds "9"]
[EventCountry "AUT"]
[SourceDate "2005.09.12"]

1. e4 c5 2. Nf3 e6 3. c4 Nc6 4. d4 cxd4 5. Nxd4 d6 6. Nc3 a6 7. Be2 Nf6 8. Be3
Be7 9. O-O O-O 10. Rc1 Qc7 11. f3 Ne5 12. b3 Rd8 13. f4 Ng6 14. f5 Ne5 15. g4
h6 16. h4 Nh7 17. Qe1 Bf6 18. Qg3 Qe7 19. Bf2 g5 20. h5 Bd7 21. Rfe1 Nc6 22.
Nf3 Ne5 23. Bb6 Nxf3+ 24. Bxf3 Be5 25. Bxd8 Qxd8 26. Qf2 Qa5 27. Nd1 Nf6 28.
Qe2 Rc8 29. Nf2 Bf4 30. fxe6 fxe6 31. Rc2 b5 32. Nd3 Bg3 33. Rec1 bxc4 34. Rxc4
Rxc4 35. bxc4 Kf7 36. Kg2 Be5 37. c5 Bd4 38. cxd6 Ba4 39. e5 Nd7 40. Qe4 Qd2+
41. Be2 Bc3 42. Qg6+ 1-0

[Event "KAERNTNER SCHACHSOMMER 2013 22. int. Op"]
[Site "Feffernitz"]
[Date "2013.08.18"]
[Round "2"]
[White "Hefner, Felix"]
[Black "Zozulia, Anna"]
[Result "0-1"]
[WhiteElo "1923"]
[BlackElo "2316"]
[PlyCount "53"]
[EventDate "2013.08.18"]
[EventRounds "9"]
[EventCountry "AUT"]
[SourceDate "2005.09.12"]

1. e4 c5 2. Nf3 e6 3. d4 cxd4 4. Nxd4 Nc6 5. Nb5 d6 6. c4 a6 7. N5c3 Nf6 8. Be3
Be7 9. Be2 O-O 10. O-O b6 11. Qb3 Rb8 12. Na3 Qc7 13. Rac1 Qb7 14. f3 Bd7 15.
Na4 b5 16. cxb5 axb5 17. Qxb5 Nd4 18. Qd3 Nxe2+ 19. Qxe2 Bxa4 20. h3 Bd7 21.
Nc4 Qa6 22. Qf2 d5 23. Nb6 dxe4 24. Nxd7 Nxd7 25. fxe4 Ne5 26. Qg3 Ng6 27. Rf2
0-1

[Event "KAERNTNER SCHACHSOMMER 2013 22. int. Op"]
[Site "Feffernitz"]
[Date "2013.08.18"]
[Round "2"]
[White "Poletti, Fausto"]
[Black "Manhardt, Thomas"]
[Result "0-1"]
[WhiteElo "1899"]
[BlackElo "2217"]
[PlyCount "72"]
[EventDate "2013.08.18"]
[EventRounds "9"]
[EventCountry "AUT"]
[SourceDate "2005.09.12"]

1. c4 f5 2. Nc3 Nf6 3. g3 g6 4. Bg2 Bg7 5. d3 O-O 6. e4 fxe4 7. dxe4 e5 8. Nge2
d6 9. O-O a6 10. f3 c5 11. Nd5 Nc6 12. Bg5 Nd4 13. Nec3 b5 14. cxb5 axb5 15. a4
bxa4 16. Rxa4 Rb8 17. Qa1 Be6 18. Ra7 Rf7 19. Rb1 Qf8 20. Bxf6 Bxf6 21. f4 Bxd5
22. Nxd5 exf4 23. Nxf4 Nb3 24. Qa6 Rxa7 25. Qxa7 Nd2 26. Rd1 Rxb2 27. Qd7 Qe7
28. Qc6 Nc4 29. Bh3 Ne5 30. Qd5+ Kg7 31. Ne6+ Kh6 32. Bg2 Ng4 33. Re1 Be5 34.
Bh3 Qf6 35. Rf1 Rf2 36. Bg2 Rxg2+ 0-1

[Event "KAERNTNER SCHACHSOMMER 2013 22. int. Op"]
[Site "Feffernitz"]
[Date "2013.08.18"]
[Round "2"]
[White "Kosmac, Blaz"]
[Black "Frey, Armin"]
[Result "1-0"]
[WhiteElo "2209"]
[BlackElo "1981"]
[PlyCount "91"]
[EventDate "2013.08.18"]
[EventRounds "9"]
[EventCountry "AUT"]
[SourceDate "2005.09.12"]

1. Nf3 f5 2. d3 d5 3. c4 c6 4. cxd5 cxd5 5. Nc3 e6 6. Bf4 Nc6 7. Qb3 a6 8. Rc1
Nf6 9. g3 d4 10. Na4 Nd5 11. Bd2 Bd6 12. Bg2 O-O 13. O-O Kh8 14. a3 Rb8 15. Ng5
Ne3 16. Bxe3 dxe3 17. Nxe6 Bxe6 18. Qxe6 Re8 19. Qxf5 Nd4 20. Qg4 exf2+ 21.
Rxf2 Be5 22. Rc5 b5 23. Rd5 Qc8 24. Qxc8 Rbxc8 25. Nc3 Nb3 26. Bh3 Rb8 27. e3
Bxc3 28. bxc3 Rxe3 29. Rf7 Nc1 30. Bf5 Ree8 31. Rdd7 Rg8 32. Kf2 Rgf8 33. Ke3
Nb3 34. d4 Rbe8+ 35. Be4 Rxf7 36. Rxf7 Na5 37. d5 Nc4+ 38. Kd4 Kg8 39. Ra7 a5
40. Bf5 Nxa3 41. Rxa5 Nc4 42. Ra7 Nd6 43. Be6+ Kh8 44. Rd7 Nc4 45. d6 b4 46.
Bxc4 1-0

[Event "KAERNTNER SCHACHSOMMER 2013 22. int. Op"]
[Site "Feffernitz"]
[Date "2013.08.18"]
[Round "2"]
[White "Laustsen, Karl-Johan"]
[Black "Arztmann, Wolfgang"]
[Result "1/2-1/2"]
[WhiteElo "1893"]
[BlackElo "2193"]
[PlyCount "51"]
[EventDate "2013.08.18"]
[EventRounds "9"]
[EventCountry "AUT"]
[SourceDate "2005.09.12"]

1. d4 d6 2. Bf4 g6 3. e3 Bg7 4. Nf3 Nd7 5. c3 Ngf6 6. h3 O-O 7. Be2 Qe8 8. O-O
e5 9. dxe5 dxe5 10. Bh2 Qe7 11. Nbd2 a6 12. Qc2 b6 13. Rac1 Bb7 14. Rfd1 Rfe8
15. c4 e4 16. Nd4 c5 17. N4b3 Ne5 18. Nb1 Qe6 19. Rd2 Rad8 20. Rcd1 Nd3 21. Nc1
Qc6 22. Bf1 Rd7 23. Nxd3 Rxd3 24. Rxd3 exd3 25. Qxd3 Ne4 26. b3 1/2-1/2

[Event "KAERNTNER SCHACHSOMMER 2013 22. int. Op"]
[Site "Feffernitz"]
[Date "2013.08.18"]
[Round "2"]
[White "Praznik, Anton"]
[Black "Ranker, Klemens"]
[Result "1-0"]
[WhiteElo "2154"]
[BlackElo "1934"]
[PlyCount "65"]
[EventDate "2013.08.18"]
[EventRounds "9"]
[EventCountry "AUT"]
[SourceDate "2005.09.12"]

1. e4 c5 2. Nf3 Nc6 3. Bb5 e6 4. Bxc6 bxc6 5. O-O d5 6. d3 Ne7 7. Qe2 Ng6 8.
Be3 Be7 9. c4 O-O 10. e5 Rb8 11. Bc1 f5 12. exf6 Bxf6 13. Nc3 Qd6 14. g3 e5 15.
Nd2 Bh3 16. Re1 Bg5 17. Nde4 dxe4 18. Nxe4 Bxc1 19. Nxd6 Rxb2 20. Raxc1 Rxe2
21. Rxe2 Rd8 22. Ne4 Rxd3 23. Nxc5 Ra3 24. Ne4 h6 25. Rc3 Ra5 26. Rb2 Ne7 27.
f3 Be6 28. Rb8+ Kf7 29. Nd6+ Kf6 30. a3 Ng6 31. Ne4+ Ke7 32. Rb7+ Kf8 33. Kf2
1-0

[Event "KAERNTNER SCHACHSOMMER 2013 22. int. Op"]
[Site "Feffernitz"]
[Date "2013.08.18"]
[Round "2"]
[White "Eulering, Georg"]
[Black "Morze, Gert"]
[Result "1-0"]
[WhiteElo "2137"]
[BlackElo "1910"]
[PlyCount "43"]
[EventDate "2013.08.18"]
[EventRounds "9"]
[EventCountry "AUT"]
[SourceDate "2005.09.12"]

1. e4 e5 2. Nf3 Nf6 3. d4 Nxe4 4. dxe5 d5 5. Nbd2 Be7 6. c4 Nxd2 7. Bxd2 Be6 8.
Nd4 O-O 9. Nxe6 fxe6 10. Qg4 Qd7 11. cxd5 Qxd5 12. Bc4 Qxe5+ 13. Be3 Rf6 14.
O-O-O Nc6 15. Rhe1 Rg6 16. Qh3 Bg5 17. Kb1 Bxe3 18. Rxe3 Qc5 19. Bxe6+ Kh8 20.
Red3 Qb4 21. a3 Qa4 22. Bc8 1-0

[Event "KAERNTNER SCHACHSOMMER 2013 22. int. Op"]
[Site "Feffernitz"]
[Date "2013.08.18"]
[Round "2"]
[White "Arztmann, Nils"]
[Black "Strobel, Matthias"]
[Result "0-1"]
[WhiteElo "1877"]
[BlackElo "2096"]
[PlyCount "66"]
[EventDate "2013.08.18"]
[EventRounds "9"]
[EventCountry "AUT"]
[SourceDate "2005.09.12"]

1. e4 c6 2. d4 d5 3. exd5 cxd5 4. c4 Nf6 5. Nc3 e6 6. Nf3 Be7 7. cxd5 Nxd5 8.
Bd3 Nc6 9. O-O a6 10. Re1 O-O 11. a3 Bf6 12. Be4 Qd6 13. Nxd5 exd5 14. Bc2 Bg4
15. Qd3 g6 16. Be3 Rac8 17. Rac1 Rfe8 18. Ng5 Bf5 19. Qd2 Bxc2 20. Rxc2 Qd7 21.
Nf3 Qf5 22. Rec1 Rcd8 23. h3 Re4 24. Qd3 Rde8 25. Nd2 Rxe3 26. Qxe3 Rxe3 27.
fxe3 Bg5 28. Rc3 Kg7 29. Rf1 Qe6 30. Rf3 Nxd4 31. exd4 Bxd2 32. Rc7 Be3+ 33.
Kh2 Qd6+ 0-1

[Event "KAERNTNER SCHACHSOMMER 2013 22. int. Op"]
[Site "Feffernitz"]
[Date "2013.08.18"]
[Round "2"]
[White "Jandke, Manfred"]
[Black "Hofer, Christian"]
[Result "0-1"]
[WhiteElo "2095"]
[BlackElo "1898"]
[PlyCount "66"]
[EventDate "2013.08.18"]
[EventRounds "9"]
[EventCountry "AUT"]
[SourceDate "2005.09.12"]

1. Nf3 Nf6 2. g3 g6 3. Bg2 Bg7 4. d4 d5 5. c4 O-O 6. O-O Nc6 7. Nc3 dxc4 8. h3
Nd5 9. Nxd5 Qxd5 10. Ne5 Qxd4 11. Nxc6 bxc6 12. Qxd4 Bxd4 13. Rd1 Bg7 14. Bxc6
Rb8 15. Be3 Rxb2 16. Bd5 c3 17. Rac1 Rxe2 18. Bxa7 c2 19. Re1 Rxe1+ 20. Rxe1
Rd8 21. Bb3 Bf5 22. Be3 Bc3 23. Rc1 Bb2 24. Re1 Ba3 25. g4 Bd3 26. Kg2 c5 27.
Bc1 Bb4 28. Re3 c4 29. Ba4 Ra8 30. a3 Bc5 31. Re5 Bd6 32. Bc6 Rc8 33. Bb7 Rb8
0-1

[Event "KAERNTNER SCHACHSOMMER 2013 22. int. Op"]
[Site "Feffernitz"]
[Date "2013.08.18"]
[Round "2"]
[White "Pregl, Walter"]
[Black "Gallob, Josef Sen"]
[Result "1-0"]
[WhiteElo "2042"]
[BlackElo "1891"]
[PlyCount "109"]
[EventDate "2013.08.18"]
[EventRounds "9"]
[EventCountry "AUT"]
[SourceDate "2005.09.12"]

1. e4 c5 2. Nf3 Nc6 3. d4 cxd4 4. Nxd4 Nf6 5. Nc3 d6 6. Bc4 e6 7. Bb3 a6 8. Be3
Qc7 9. Qe2 Be7 10. O-O-O Bd7 11. Kb1 O-O 12. h3 b5 13. a3 Rfc8 14. g4 Ne5 15.
g5 Ne8 16. f4 Nc4 17. Rd3 Qa5 18. Bd2 Qb6 19. f5 a5 20. fxe6 fxe6 21. Rf1 b4
22. Qf2 Nf6 23. Bxc4 Rxc4 24. Nf5 Qxf2 25. Nxe7+ Kf7 26. Rxf2 Kxe7 27. gxf6+
gxf6 28. axb4 axb4 29. Na2 Rb8 30. Rg2 e5 31. Nxb4 Rcxb4 32. Bxb4 Rxb4 33. Re3
Bc6 34. Rge2 Rd4 35. c3 Rd1+ 36. Ka2 d5 37. exd5 Bxd5+ 38. Ka3 Be6 39. Kb4 Rd8
40. c4 Rb8+ 41. Kc3 Rc8 42. b3 Rc5 43. Kb4 Rc8 44. Ra2 Rc7 45. Ra5 Bf5 46. Kb5
Bg6 47. Kb6 Rc8 48. h4 Bc2 49. Kb7 Rd8 50. c5 Rd4 51. Ra4 Rd7+ 52. Kb6 Rd8 53.
Ra7+ Ke8 54. c6 Bf5 55. Rg3 1-0

[Event "KAERNTNER SCHACHSOMMER 2013 22. int. Op"]
[Site "Feffernitz"]
[Date "2013.08.18"]
[Round "2"]
[White "Wiesinger, Johann"]
[Black "Trampitsch, Hannes"]
[Result "1/2-1/2"]
[WhiteElo "1862"]
[BlackElo "2037"]
[PlyCount "50"]
[EventDate "2013.08.18"]
[EventRounds "9"]
[EventCountry "AUT"]
[SourceDate "2005.09.12"]

1. e4 b6 2. d4 Bb7 3. Bd3 e6 4. c3 c5 5. Nf3 d5 6. Qe2 dxe4 7. Bxe4 Bxe4 8.
Qxe4 Qd5 9. Qxd5 exd5 10. Be3 Nc6 11. O-O Bd6 12. Nbd2 Nge7 13. Rfe1 c4 14. b3
b5 15. bxc4 bxc4 16. Rab1 O-O 17. Rb7 Rab8 18. Reb1 f6 19. Kf1 Rxb7 20. Rxb7
Rb8 21. Rxb8+ Nxb8 22. Ke2 Nd7 23. h3 Nb6 24. Kd1 Kf7 25. Ng1 g5 1/2-1/2

[Event "KAERNTNER SCHACHSOMMER 2013 22. int. Op"]
[Site "Feffernitz"]
[Date "2013.08.18"]
[Round "2"]
[White "Baierlein, Martin"]
[Black "Oberberger, Guenther"]
[Result "1-0"]
[WhiteElo "2032"]
[BlackElo "1866"]
[PlyCount "46"]
[EventDate "2013.08.18"]
[EventRounds "9"]
[EventCountry "AUT"]
[SourceDate "2005.09.12"]

1. d4 Nf6 2. Nf3 c5 3. g3 g6 4. Bg2 Bg7 5. O-O cxd4 6. Nxd4 O-O 7. c4 Nc6 8.
Nc3 a6 9. Rb1 Qc7 10. c5 d6 11. cxd6 exd6 12. Bf4 Ne5 13. Rc1 Qb6 14. Na4 Qa5
15. Bd2 Qd8 16. Qb3 Ned7 17. Bb4 Nc5 18. Nxc5 dxc5 19. Bxc5 Re8 20. Rfd1 Qa5
21. Bb6 Qe5 22. Rc5 Qe7 23. Rc7 Qe5 1-0

[Event "KAERNTNER SCHACHSOMMER 2013 22. int. Op"]
[Site "Feffernitz"]
[Date "2013.08.18"]
[Round "2"]
[White "Martin, Rudolf"]
[Black "Becker, Matthias"]
[Result "0-1"]
[WhiteElo "1754"]
[BlackElo "2152"]
[PlyCount "46"]
[EventDate "2013.08.18"]
[EventRounds "9"]
[EventCountry "AUT"]
[SourceDate "2005.09.12"]

1. e4 e5 2. Nc3 Nf6 3. f4 d5 4. fxe5 Nxe4 5. Nf3 Bc5 6. d4 Bb4 7. Bd2 Bg4 8.
Qe2 Bxf3 9. gxf3 Qh4+ 10. Kd1 Nf2+ 11. Kc1 Bxc3 12. bxc3 Nxh1 13. Qb5+ Nd7 14.
Qxd5 Nb6 15. Qxb7 O-O 16. f4 Qxh2 17. f5 Ng3 18. Qf3 Nxf1 19. Bf4 Qg1 20. f6
Ne3+ 21. Kd2 Nbc4+ 22. Kd3 Qxa1 23. Bxe3 Nxe3 0-1

[Event "KAERNTNER SCHACHSOMMER 2013 22. int. Op"]
[Site "Feffernitz"]
[Date "2013.08.19"]
[Round "3"]
[White "Malakhatko, Vadim"]
[Black "Praznik, Anton"]
[Result "1-0"]
[WhiteElo "2525"]
[BlackElo "2154"]
[PlyCount "83"]
[EventDate "2013.08.18"]
[EventRounds "9"]
[EventCountry "AUT"]
[SourceDate "2005.09.12"]

1. d4 Nf6 2. c4 g6 3. Nc3 Bg7 4. e4 d6 5. Nf3 O-O 6. Be2 e5 7. O-O Na6 8. Be3
Ng4 9. Bg5 Qe8 10. h3 f6 11. hxg4 fxg5 12. dxe5 dxe5 13. Nxg5 Qe7 14. Nf3 c6
15. Nd2 Be6 16. a3 Rad8 17. Qc2 Nc5 18. b4 Rxd2 19. Qxd2 Nb3 20. Qe3 Nxa1 21.
Rxa1 a6 22. Rd1 Rd8 23. Rxd8+ Qxd8 24. Na4 Bf6 25. Nc5 Bc8 26. g3 Kg7 27. Kf1
g5 28. Nb3 Kg6 29. Ke1 Be7 30. Qc3 Qc7 31. c5 Be6 32. Na5 Bf6 33. f4 Kg7 34.
Bc4 Bc8 35. Bb3 Kg6 36. Nc4 h5 37. gxh5+ Kxh5 38. Nd6 Kg6 39. Qc4 Bh3 40. Qg8+
Bg7 41. Qe8+ Kf6 42. g4 1-0

[Event "KAERNTNER SCHACHSOMMER 2013 22. int. Op"]
[Site "Feffernitz"]
[Date "2013.08.19"]
[Round "3"]
[White "Strobel, Matthias"]
[Black "Eisenbeiser, Amadeus"]
[Result "1/2-1/2"]
[WhiteElo "2096"]
[BlackElo "2336"]
[PlyCount "82"]
[EventDate "2013.08.18"]
[EventRounds "9"]
[EventCountry "AUT"]
[SourceDate "2005.09.12"]

1. d4 d6 2. Nf3 g6 3. g3 Bg7 4. Bg2 Nf6 5. O-O O-O 6. c4 Nbd7 7. Qc2 e5 8. Rd1
Re8 9. Nc3 c6 10. dxe5 dxe5 11. Bg5 Qc7 12. h3 h6 13. Be3 Nb6 14. b3 Bf5 15.
Qc1 g5 16. Bc5 Rad8 17. Qe3 Rxd1+ 18. Rxd1 Nc8 19. Kh2 Bg6 20. Kg1 Nd7 21. Ba3
f5 22. Qd2 Nf6 23. e3 Bh5 24. Ne2 Ne4 25. Qc2 Rd8 26. Rxd8+ Qxd8 27. Bb2 Qd6
28. Nc3 Nxc3 29. Bxc3 Ne7 30. Qd2 Qxd2 31. Nxd2 Kf7 32. e4 f4 33. g4 Bg6 34.
Nf3 Ke6 35. Ne1 Nc8 36. Nd3 b6 37. h4 Nd6 38. f3 Be8 39. hxg5 hxg5 40. Bf1 Nf7
41. c5 Bf8 1/2-1/2

[Event "KAERNTNER SCHACHSOMMER 2013 22. int. Op"]
[Site "Feffernitz"]
[Date "2013.08.19"]
[Round "3"]
[White "Zozulia, Anna"]
[Black "Eulering, Georg"]
[Result "1-0"]
[WhiteElo "2316"]
[BlackElo "2137"]
[PlyCount "91"]
[EventDate "2013.08.18"]
[EventRounds "9"]
[EventCountry "AUT"]
[SourceDate "2005.09.12"]

1. e4 c5 2. Nf3 Nf6 3. e5 Nd5 4. Nc3 Nxc3 5. dxc3 Nc6 6. Bf4 h6 7. Bc4 e6 8.
Qe2 Qc7 9. Rd1 b6 10. O-O Bb7 11. Ba6 O-O-O 12. Bxb7+ Kxb7 13. Qd3 Be7 14. Rd2
g5 15. Bg3 h5 16. h4 gxh4 17. Nxh4 Kc8 18. Qf3 Rh7 19. Rfd1 Bg5 20. Re2 Qb7 21.
b4 Be7 22. a3 Nb8 23. b5 Qxf3 24. Nxf3 Rg8 25. Bf4 Rg4 26. g3 Rhg7 27. Kh2 h4
28. Kh3 hxg3 29. fxg3 R4g6 30. a4 Rh7+ 31. Kg2 Bf8 32. Ng5 Rh5 33. Ne4 d5 34.
Nf6 Rh8 35. c4 d4 36. c3 dxc3 37. Rc2 Be7 38. Ne4 Rd8 39. Rxd8+ Kxd8 40. Rxc3
Nd7 41. Rc1 Rg8 42. Rh1 Nf8 43. Kf3 Ng6 44. Rh7 Ke8 45. Nf6+ Bxf6 46. exf6 1-0

[Event "KAERNTNER SCHACHSOMMER 2013 22. int. Op"]
[Site "Feffernitz"]
[Date "2013.08.19"]
[Round "3"]
[White "Fitzke, Ulrich"]
[Black "Kesik, Klaus-Dieter"]
[Result "0-1"]
[WhiteElo "1992"]
[BlackElo "2233"]
[PlyCount "82"]
[EventDate "2013.08.18"]
[EventRounds "9"]
[EventCountry "AUT"]
[SourceDate "2005.09.12"]

1. d4 Nf6 2. c4 g6 3. Nc3 Bg7 4. Nf3 d6 5. e3 O-O 6. Be2 c6 7. O-O a6 8. b3
Nbd7 9. Bb2 Qc7 10. Qc2 b6 11. Rac1 Bb7 12. Rfd1 Rac8 13. b4 Rfe8 14. Na4 Qb8
15. c5 b5 16. Nc3 d5 17. e4 dxe4 18. Nxe4 Nxe4 19. Qxe4 Nf6 20. Qc2 Nd5 21. a3
Qc7 22. Ne5 Ra8 23. Bf3 Red8 24. Qb3 Bc8 25. Be4 Be6 26. Qf3 a5 27. Nd3 axb4
28. axb4 Ra2 29. Ra1 Rda8 30. Rxa2 Rxa2 31. Ra1 Rxa1+ 32. Bxa1 Qa7 33. Qd1 Qa2
34. Qc1 Bh6 35. Qb2 Qa4 36. Qb1 f6 37. h3 Bd2 38. Bxd5 Bxd5 39. Qb2 Qd1+ 40.
Kh2 Qf1 41. Qxd2 Qxg2# 0-1